000 00270nam a2200121Ia 4500
008 220216s9999 xx 000 0 und d
100 _aThomas V
245 0 _aRubber indiayilekku
260 _bRubber
_c2021
300 _a26-29
650 _aRubber history
942 _cBS
999 _c51254
_d51254